Privatization in Bangladesh : economic transition in a poor country /
Saved in:
| Main Author: | |
|---|---|
| Format: | Book |
| Language: | English |
| Published: |
Boulder :
Westview Press,
1990.
|
| Series: | Westview special studies on South and Southeast Asia.
|
| Subjects: | |
| Tags: |
Add Tag
No Tags, Be the first to tag this record!
|
| LEADER | 00939pam a2200277 a 4500 | ||
|---|---|---|---|
| 001 | 001925689-2 | ||
| 005 | 20020606093309.7 | ||
| 008 | 900308s1990 cou b 00110 eng | ||
| 010 | |a 90034394 | ||
| 020 | |a 0813379806 : |c $36.50 | ||
| 035 | 0 | |a ocm21332083 | |
| 040 | |a DLC |c DLC |d HBS | ||
| 043 | |a a-bg--- | ||
| 050 | 0 | 0 | |a HD4295.6 |b .H86 1990 |
| 082 | 0 | 0 | |a 338.95492 |2 20 |
| 100 | 1 | |a Humphrey, Clare E. | |
| 245 | 1 | 0 | |a Privatization in Bangladesh : |b economic transition in a poor country / |c Clare E. Humphrey. |
| 260 | 0 | |a Boulder : |b Westview Press, |c 1990. | |
| 300 | |a xi, 275 p. ; |c 22 cm. | ||
| 490 | 1 | |a Westview special studies on South and Southeast Asia | |
| 504 | |a Includes bibliographical references (p. 183-204) and index. | ||
| 650 | 0 | |a Privatization |z Bangladesh. | |
| 650 | 0 | |a Government business enterprises |z Bangladesh. | |
| 830 | 0 | |a Westview special studies on South and Southeast Asia. | |
| 988 | |a 20020608 | ||
| 906 | |0 DLC | ||


